000
00280 a2200109 4500
001
50757
040
_c
Anchieta - Pituba
240
1
0
_a
Pesquisas especiais
_l
245
1
0
_a
Pesquisas especiais
650
4
_a
Obras enciclopĂ©dicas gerais de lĂnguas espanhola e portuguesa
942
_c
MU
999
_c
50757
_d
50757